Brawl Stars: Name a Brawler A-Z - Statistics

General Stats
  • This quiz has been taken 45 times
    18 since last reset
  • The average score is 20 of 21
Answer Stats
Hint Answer % Correct
A Alli | Amber | Angelo | Ash
100%
B Barley | Bea | Belle | +10
100%
C Carl | Charlie | Chester | +6
100%
D Darryl | Draco | Doug | Dynamike
100%
F Fang | Finx | Frank
100%
G Gale | Gene | Gigi | +5
100%
J Jacky | Jae-yong | Janet | +2
100%
L Larry & Lawrie | Leon | Lily | +3
100%
M Maisie | Mandy | Max | +8
100%
N Najia | Nani | Nita
100%
S Sam | Sandy | Shade | +7
100%
8 8-Bit
93%
E Edgar | El Primo | Emz | Eve
93%
H Hank
93%
R R-T | Rico | Rosa | Ruffs
93%
T Tara | Tick | Trunk
93%
K Kaze | Kenji | Kit
87%
O Ollie | Otis
87%
W Willow
87%
P Pam | Pearl | Penny | +3
80%
Z Ziggy
67%
No matching quizzes found
Score Distribution
Percent of People with Each Score
Percentile by Number Answered
Your Score History
You have not taken this quiz since the last reset